Vista normal
Vista MARC
Entrada Materia (personas)
Número de registros utilizados en: 1
001 - CONTROL NUMBER
- control field: 104150
003 - CONTROL NUMBER IDENTIFIER
- control field: Co-BoUCM
005 - DATE AND TIME OF LATEST TRANSACTION
- control field: 20210712143600.0
008 - FIXED-LENGTH DATA ELEMENTS
- fixed length control field: 210712|| aca||aabn | a|a d
040 ## - CATALOGING SOURCE
- Original cataloging agency: Co-BoUCM
- Transcribing agency: Co-BoUCM
100 ## - HEADING--PERSONAL NAME
- Personal name: Gualazzi, Eduardo Lobo Botelho
670 ## - SOURCE DATA FOUND
- Source citation: Work cat.: (Co-BoUCM)314254: Gualazzi, Eduardo Lobo Botelho, Ato administrativo inexistente, 1980